Jeux vidéo Naruto (sortis à l'internationale) - Statistiques

Statistiques générales
  • Ce quiz a été pris 13 fois
  • Le résultat moyen est 6 sur 38
Statistiques - réponses
Plateforme Jeu % Correct
PCPS3 PS4 Switch Naruto : Ultimate Ninja Storm
100%
PCPS3 PS4 Xbox 360 Xbox One Switch Naruto Shippûden : Ultimate Ninja Storm 2
70%
PCPS4 Xbox One Switch Naruto Shippûden : Ultimate Ninja Storm 4
70%
PC
PS3
PS4
Xbox 360
Xbox One Switch
Naruto Shippûden : Ultimate Storm 3
70%
PCPS3 Xbox 360 Naruto Shippûden : Ultimate Ninja Storm Revolution
40%
PS2 Naruto : Ultimate Ninja
40%
PCPS4 PS5 Xbox One Switch Naruto Shippûden : Ultimate Ninja Storm Connections
30%
PS3Xbox 360 Naruto Shippûden : Ultimate Ninja Storm Generations
30%
PS2 Naruto Shippûden : Ultimate Ninja 4
20%
PS2 Naruto Shippûden : Ultimate Ninja 5
20%
PS2 Naruto : Ultimate Ninja 2
20%
PS2 Naruto : Ultimate Ninja 3
20%
Wii Naruto: Clash of Ninja Revolution
10%
Wii Naruto: Clash of Ninja Revolution 2
10%
DS Naruto: Ninja Destiny
10%
PSP Naruto Shippûden : Ultimate Ninja Heroes 3
10%
PSP Naruto Shippûden : Ultimate Ninja Impact
10%
PC PS4Xbox One Naruto to Boruto: Shinobi Striker
10%
PSP Naruto Ultimate Ninja Heroes
10%
PSP Naruto Ultimate Ninja Heroes 2 : The Phantom Fortress
10%
Gamecube Naruto: Clash of Ninja 2
0%
DS Naruto Council 2 European Version
0%
DS Naruto: Ninja Council 3
0%
DS Naruto: Path of the Ninja 2
0%
Xbox 360 Naruto: Rise of a Ninja
0%
3DS Naruto SD Powerful Shippuden
0%
3DS Naruto Shippûden 3D: The New Era
0%
Wii Naruto Shippuden: Clash of Ninja Revolution 3
0%
Wii Naruto Shippuden: Dragon Blade Chronicles
0%
PSP Naruto Shippûden : Kizuna Drive
0%
PSP Naruto Shippûden : Legends – Akatsuki Rising
0%
DS Naruto Shippuden: Ninja Destiny 2
0%
AndroidIOS Naruto Shippûden : Ultimate Ninja Blazing
0%
Xbox 360 Naruto: The Broken Bond
0%
PC Naruto : Ultimate Ninja Online
0%
PS2 Naruto: Uzumaki Chronicles
0%
PS2 Naruto: Uzumaki Chronicles 2
0%
IOS Naruto x Boruto Ninja Voltage
0%
Aucun quiz correspondant
Distribution des résultats
% des personnes avec chaque résultat
Percentile par nombre de réponses
Votre historique - résultats
Vous n’avez pas pris ce quiz